000 00886nam a22002531u 4500
001 05557
003 HDC
007 cr bn ---aaaaa
008 210120p2013 | d 00 engg
040 _aHDC
100 _aNoor Ahmed Memon,
_eauthor
_cDr.
_95824
245 0 _aPakistani halal meat gaining ground in international market / by
_cDr. Noor Ahmed Memon
260 _a[no place] :
_b[publisher not identified],
_c2013
300 _a 1 online resource (4 pages)
336 _atext
_2rdacontent
337 _acomputer
_2rdamedia
338 _aonline resource
_2rdacarrier
650 _ahalal meat
_91025
650 _ainternational market
_95825
856 _zRequest full-text at [email protected]
942 _2lcc
942 _cAR
942 _kJART 001410
999 _c2881
_d2881